000 00303nam a22001337a 4500
082 _a823
_bWOR/I
100 _aWORTH, BONNIE
245 _aIF I RAN THE RAINFOREST
260 _aUK
_bHARPER COLLINS
300 _a45
520 _aENGLISH SHORT STORIES
650 _aENGLISH SHORT STORIES
_zUK
942 _cBK
999 _c5174
_d5174